000
00320 a2200109 4500
001
ART_13057
005
20260410161817.0
008
260409a
245
1
0
_a
Comenzar a pensar en una tesis
100
1
_a
Kunz, Ana
773
0
_t
Revista Juridica de Buenos Aires
_g
Derechos humanos (ene. 2007)
_w
REV4315
999
_c
21973
_d
21973